LEADER 00809nam0 22002291i 450 001 UON00134938 005 20231205102816.535 100 $a20020107d1967 |0itac50 ba 101 $atam 102 $aIN 105 $a|||| 1|||| 200 1 $aVeliccam$fPoovai Amudan 210 $a[s. l.]$c[s. n.]$d1967 215 $a128 p.$d18 cm 686 $aSI VI LCX$cSUBCONT. INDIANO - LETTERATURA TAMIL - PERIODO MODERNO - TESTI$2A 700 1$aAMUDAN$bPoovai$3UONV082036$00 801 $aIT$bSOL$c20240220$gRICA 899 $aSIBA - SISTEMA BIBLIOTECARIO DI ATENEO$2UONSI 912 $aUON00134938 950 $aSIBA - SISTEMA BIBLIOTECARIO DI ATENEO$dSI SI VI LCX 254 $eSI SA 115103 5 254 996 $aVeliccam$91314389 997 $aUNIOR